[Event "4NCL Division 3 North"]
[Site "Bolton, ENG"]
[Date "2017.02.11"]
[Round "5.11"]
[White "Polaczek, Richard"]
[Black "Parligras, Mircea-Emilian"]
[Result "1/2-1/2"]
[WhiteElo "2409"]
[BlackElo "2603"]
[PlyCount "159"]
[EventDate "2017.02.11"]
[WhiteTeam "Manchester Manticores 1"]
[BlackTeam "Manx Liberty"]

1. d4 Nf6 2. c4 e6 3. Nc3 Bb4 4. Nf3 d5 5. Qa4+ Nc6 6. Ne5 Bd7 7. Nxd7 Qxd7 8.
e3 O-O 9. a3 Bxc3+ 10. bxc3 e5 11. Be2 Rfe8 12. Bb2 Rad8 13. Rd1 a6 14. Qc2 e4
15. cxd5 Qxd5 16. O-O Qg5 17. Bc1 Ne7 18. f3 Nf5 19. fxe4 Nxe4 20. Rf4 Nh4 21.
Bc4 Nd6 22. Bd3 Ng6 23. Rf3 Qg4 24. Rdf1 Qe6 25. c4 c5 26. dxc5 Nc8 27. Bb2 Re7
28. Bf5 Qc6 29. Bd4 Qe8 30. h4 h6 31. Rg3 Ne5 32. Qf2 Na7 33. Qf4 Kh8 34. Be4
Nac6 35. Bxc6 bxc6 36. Bxe5 Rxe5 37. Qxf7 Qxf7 38. Rxf7 Rg8 39. Ra7 Rxc5 40.
Rg4 Ra5 41. Rc7 Rxa3 42. Rxc6 a5 43. Ra6 a4 44. Ra7 Ra1+ 45. Kh2 a3 46. c5 a2
47. Rc4 Re1 48. Rxa2 Rxe3 49. Ra7 Rc8 50. Rd7 Re6 51. Kh3 Rcc6 52. Rd5 Kg8 53.
h5 Rc7 54. Rf4 Rc8 55. g3 Rec6 56. Rff5 Kh7 57. Kg4 g6 58. hxg6+ Rxg6+ 59. Kf4
Rcg8 60. Rd7+ Kh8 61. Rd6 Rg4+ 62. Ke5 Rxg3 63. Rxh6+ Kg7 64. Re6 Rc8 65. Kd4
Rg1 66. c6 Rc1 67. Rff6 Rd1+ 68. Ke5 Re1+ 69. Kd4 Rd1+ 70. Kc3 Rc1+ 71. Kd2 Rc5
72. Rd6 Rd8 73. Ke3 Rxd6 74. Rxd6 Kf7 75. Kd4 Rc1 76. Kd5 Ke8 77. Rd7 Rd1+ 78.
Ke6 Rxd7 79. cxd7+ Kd8 80. Kd6 1/2-1/2

[Event "4NCL Division 3 North"]
[Site "Bolton, ENG"]
[Date "2017.02.11"]
[Round "5.12"]
[White "Galyas, Miklos"]
[Black "Macklin, Paul"]
[Result "1/2-1/2"]
[WhiteElo "2494"]
[BlackElo "2372"]
[PlyCount "94"]
[EventDate "2017.02.11"]
[WhiteTeam "Manx Liberty"]
[BlackTeam "Manchester Manticores 1"]

1. d4 d6 2. Nf3 Bg4 3. e4 Nf6 4. h3 Bh5 5. Nc3 e6 6. Qe2 a6 7. g4 Bg6 8. h4 h5
9. g5 Nfd7 10. Bh3 Be7 11. d5 e5 12. Be3 b5 13. a3 Nb6 14. Nd2 c6 15. Nf1 Nc4
16. Ng3 Nxb2 17. O-O Nc4 18. Bf5 Qa5 19. Bd2 cxd5 20. Be1 Nc6 21. Nxd5 Qd8 22.
c3 Nb6 23. a4 bxa4 24. Rb1 Nxd5 25. exd5 Na5 26. Qe4 O-O 27. Qxa4 Qc7 28. c4
Qxc4 29. Qxa5 Bxf5 30. Nxf5 Qg4+ 31. Ng3 Qxh4 32. Qc7 Bxg5 33. Qxd6 Bf4 34. Qd7
Rad8 35. Qf5 Rxd5 36. Rb4 g6 37. Qe4 Rfd8 38. Qg2 Rd3 39. Re4 Kh7 40. f3 Rd1
41. Nh1 Qf6 42. Nf2 Ra1 43. Nh3 Rdd1 44. Nxf4 exf4 45. Qe2 Rdc1 46. Re5 Rab1
47. Qe4 Rb5 1/2-1/2

[Event "4NCL Division 3 North"]
[Site "Bolton, ENG"]
[Date "2017.02.11"]
[Round "5.13"]
[White "Jaunooby, Ali R"]
[Black "Kolbus, Dietmar"]
[Result "1/2-1/2"]
[WhiteElo "2260"]
[BlackElo "2308"]
[PlyCount "66"]
[EventDate "2017.02.11"]
[WhiteTeam "Manchester Manticores 1"]
[BlackTeam "Manx Liberty"]

1. d4 Nf6 2. c4 g6 3. f3 c5 4. d5 d6 5. Nc3 Bg7 6. e4 O-O 7. Be3 e5 8. dxe6
Bxe6 9. Qd2 Nc6 10. Nb5 a6 11. Nxd6 b6 12. O-O-O Qc7 13. Bf4 Nh5 14. Bg5 Nd4
15. g4 Qxd6 16. gxh5 b5 17. f4 Bxc4 18. Bxc4 bxc4 19. h6 Bh8 20. e5 Qe6 21. Ne2
Nf3 22. Qd5 Nxg5 23. fxg5 Bxe5 24. Nc3 Rfe8 25. Qxe6 Rxe6 26. Rd5 Bd4 27. h4
Kf8 28. Rd7 Ke8 29. Rc7 Rd8 30. Rf1 Re7 31. Rc6 Re6 32. Rc7 Re7 33. Rc6 Re6
1/2-1/2

[Event "4NCL Division 3 North"]
[Site "Bolton, ENG"]
[Date "2017.02.11"]
[Round "5.14"]
[White "Haslinger, Gareth J"]
[Black "Thestrup, Sixten"]
[Result "0-1"]
[WhiteElo "2070"]
[BlackElo "2290"]
[PlyCount "68"]
[EventDate "2017.02.11"]
[WhiteTeam "Manx Liberty"]
[BlackTeam "Manchester Manticores 1"]

1. d4 d6 2. Nf3 Bg4 3. e4 Nf6 4. Nc3 c6 5. h3 Bh5 6. g4 Bg6 7. Qe2 e6 8. h4 h5
9. g5 Nfd7 10. Bd2 Be7 11. Ng1 d5 12. Nh3 dxe4 13. Nf4 Nf8 14. Nxg6 Nxg6 15.
Qxe4 Bb4 16. Bh3 Bxc3 17. Bxc3 Qd5 18. Qxd5 cxd5 19. O-O-O Nc6 20. Bg2 Nge7 21.
b3 Nf5 22. Rhe1 Kd7 23. g6 Nxh4 24. gxf7 Nxg2 25. Rg1 Nh4 26. Rxg7 Raf8 27.
Rdg1 Ne7 28. Bb4 Nhf5 29. R7g5 Rxf7 30. c4 Re8 31. Kd2 Nxd4 32. Rg7 Rxg7 33.
Rxg7 Ndf5 34. Bxe7 Nxg7 0-1

[Event "4NCL Division 3 North"]
[Site "Bolton, ENG"]
[Date "2017.02.11"]
[Round "5.15"]
[White "Jayawarna, Nugith"]
[Black "Haslinger, J Mike"]
[Result "1-0"]
[WhiteElo "2155"]
[BlackElo "1787"]
[PlyCount "91"]
[EventDate "2017.02.11"]
[WhiteTeam "Manchester Manticores 1"]
[BlackTeam "Manx Liberty"]

1. c4 e6 2. Nc3 d5 3. d4 Be7 4. Qc2 Nf6 5. cxd5 exd5 6. Bg5 O-O 7. e3 Nbd7 8.
Bd3 Re8 9. Nf3 Nf8 10. O-O c6 11. Ne5 Be6 12. Rae1 Rc8 13. f4 Rc7 14. Qf2 Bc8
15. Qh4 Qd6 16. Rf3 g6 17. f5 Bxf5 18. Bxf5 gxf5 19. Qg3 Ng6 20. Nxg6 fxg6 21.
Qxd6 Bxd6 22. Bxf6 Rf7 23. Bg5 Kg7 24. Kf2 Bb4 25. a3 Bd6 26. Bf4 Bxf4 27. exf4
Rxe1 28. Kxe1 Re7+ 29. Kd2 Kf6 30. Re3 Rg7 31. g3 h6 32. Na4 b6 33. Rc3 Rc7 34.
b4 Ke6 35. Nb2 g5 36. Nd3 gxf4 37. gxf4 Kd6 38. Ne5 c5 39. bxc5+ bxc5 40. dxc5+
Rxc5 41. Nf7+ Kc6 42. Nxh6 d4 43. Rxc5+ Kxc5 44. Nxf5 Kc4 45. Ng3 Kd5 46. Kd3
1-0

[Event "4NCL Division 3 North"]
[Site "Bolton, ENG"]
[Date "2017.02.11"]
[Round "5.21"]
[White "Acey, Gerald"]
[Black "Jessel, Stephen"]
[Result "0-1"]
[WhiteElo "2131"]
[BlackElo "2382"]
[PlyCount "66"]
[EventDate "2017.02.11"]
[WhiteTeam "Cheddleton 2"]
[BlackTeam "Gonzaga"]

1. c4 b6 2. Nc3 Bb7 3. e4 e6 4. Nf3 Nf6 5. e5 Ne4 6. Bd3 Ng5 7. Be2 Nxf3+ 8.
Bxf3 Bxf3 9. Qxf3 Nc6 10. O-O Nxe5 11. Qe4 Ng6 12. d4 Be7 13. Be3 O-O 14. f4 f5
15. Qd3 c6 16. Rae1 d5 17. Bc1 Qd7 18. Kh1 Bd6 19. Ne2 Rad8 20. Bd2 Ne7 21. b3
Kh8 22. Ng1 Ng8 23. Nf3 Nf6 24. c5 Bc7 25. cxb6 axb6 26. Rc1 Bd6 27. Qa6 Rb8
28. Qa4 Rfc8 29. Ne5 Bxe5 30. dxe5 Ne4 31. Be3 Ra8 32. Qb4 c5 33. Qxb6 Rcb8 0-1

[Event "4NCL Division 3 North"]
[Site "Bolton, ENG"]
[Date "2017.02.11"]
[Round "5.22"]
[White "Delaney, Killian"]
[Black "Richardson, Alex"]
[Result "0-1"]
[WhiteElo "2235"]
[BlackElo "2142"]
[Annotator "Barnes,Lara"]
[PlyCount "96"]
[EventDate "2017.02.11"]
[WhiteTeam "Gonzaga"]
[BlackTeam "Cheddleton 2"]

1. e4 e6 2. d4 d5 3. Nd2 Ne7 4. Ngf3 Nd7 5. c4 g6 6. h4 h6 7. cxd5 exd5 8. e5
Bg7 9. Bd3 c5 10. e6 fxe6 11. Qe2 Qb6 12. Ne5 Nxe5 13. dxe5 Bd7 14. Nf3 O-O-O
15. Be3 Kb8 16. O-O d4 17. Bd2 Bc6 18. Rab1 Rhf8 19. b4 c4 20. Bxc4 Rf5 21. Ne1
g5 22. Nd3 Bxg2 23. Kxg2 Qc6+ 24. f3 Qxc4 25. Rfc1 Qd5 26. Rc5 Qd7 27. Rbc1 Ng6
28. Rc7 Nxh4+ 29. Kh1 Qd5 30. R1c5 Qxf3+ 31. Qxf3 Rxf3 32. Rxg7 Rh3+ 33. Kg1
Rxd3 34. Rcc7 Ra3 35. Rxb7+ Ka8 36. Bc1 Rxa2 37. Kf1 Nf3 38. Rbd7 Rc8 39. Bb2
Nxe5 40. Rde7 Nc6 41. Rc7 Rxc7 42. Rxc7 Rxb2 43. Rxc6 Rxb4 44. Rxe6 Rb6 45.
Re8+ Kb7 46. Rd8 Rg6 47. Rxd4 a5 48. Kg2 Kb6 0-1

[Event "4NCL Division 3 North"]
[Site "Bolton, ENG"]
[Date "2017.02.11"]
[Round "5.23"]
[White "Edwards, Simon R"]
[Black "Li, Henry"]
[Result "0-1"]
[WhiteElo "2087"]
[BlackElo "2243"]
[PlyCount "56"]
[EventDate "2017.02.11"]
[WhiteTeam "Cheddleton 2"]
[BlackTeam "Gonzaga"]

1. e4 e5 2. Nf3 Nc6 3. d4 exd4 4. Nxd4 Nf6 5. Nxc6 bxc6 6. e5 Qe7 7. Qe2 Nd5 8.
c4 Nb6 9. b3 Qe6 10. Bb2 Bb4+ 11. Nd2 O-O 12. g3 d5 13. exd6 Re8 14. Bd4 Bxd2+
15. Kxd2 Qh6+ 16. Be3 Qxd6+ 17. Qd3 Qb4+ 18. Kc2 Qa5 19. Qc3 Bf5+ 20. Bd3 Bxd3+
21. Qxd3 Rad8 22. Qc3 Qf5+ 23. Kb2 Rd3 24. Qb4 a5 25. Qe1 Qe5+ 26. Kc2 Qe4 27.
Kc1 Nxc4 28. Bd2 Nxd2 0-1

[Event "4NCL Division 3 North"]
[Site "Bolton, ENG"]
[Date "2017.02.11"]
[Round "5.24"]
[White "Moran, Stephen"]
[Black "Davison, Colin F S"]
[Result "1/2-1/2"]
[WhiteElo "2158"]
[BlackElo "1924"]
[PlyCount "160"]
[EventDate "2017.02.11"]
[WhiteTeam "Gonzaga"]
[BlackTeam "Cheddleton 2"]

1. d4 Nf6 2. c4 e6 3. Nc3 d5 4. cxd5 exd5 5. Bg5 Be7 6. e3 O-O 7. Bd3 c6 8.
Nge2 Nbd7 9. O-O Re8 10. Qc2 Nf8 11. f3 Be6 12. Rae1 Rc8 13. h3 a6 14. e4 c5
15. e5 N6d7 16. Bxe7 Qxe7 17. f4 cxd4 18. Nxd4 Nc5 19. f5 Bd7 20. f6 Qd8 21.
fxg7 Kxg7 22. Bf5 Nce6 23. Bxe6 fxe6 24. Qf2 Qe7 25. Nce2 Ng6 26. Nf4 Nxf4 27.
Qxf4 Rf8 28. Qe3 Rxf1+ 29. Rxf1 Rf8 30. Rf4 Rxf4 31. Qxf4 Qf7 32. Qxf7+ Kxf7
33. Kf2 Bb5 34. g3 Bc4 35. a3 a5 36. Ke3 Bf1 37. h4 Bh3 38. Kf4 Bf1 39. Kg5 Bd3
40. Nb3 b6 41. Nd4 Be4 42. Nb5 Bc2 43. Nd6+ Ke7 44. Nb5 Kf7 45. Nd4 Bd3 46. Kf4
Bf1 47. Ke3 Bh3 48. Kd2 Kg6 49. Kc3 Kf7 50. b4 axb4+ 51. Kxb4 Bf1 52. Nf3 h6
53. Nd4 Bd3 54. Kc3 Bf1 55. Kd2 Bh3 56. Ke3 Bf5 57. Nb5 Bc2 58. Kf4 Ba4 59. Nd4
Bd7 60. g4 Kg6 61. h5+ Kg7 62. g5 Bc8 63. g6 Bd7 64. Ke3 Bc8 65. Ne2 Bd7 66.
Nf4 Kg8 67. Kd4 Kg7 68. Ng2 Bb5 69. Kc3 Be2 70. Nf4 Bxh5 71. Nxh5+ Kxg6 72. Nf6
h5 73. Kd4 h4 74. Ke3 Kf5 75. Nd7 d4+ 76. Kf2 d3 77. Nxb6 d2 78. Nc4 d1=N+ 79.
Kg2 Ke4 80. Kh3 Kd5 1/2-1/2

[Event "4NCL Division 3 North"]
[Site "Bolton, ENG"]
[Date "2017.02.11"]
[Round "5.25"]
[White "Boswell, Jacob Connor"]
[Black "Murray, David"]
[Result "0-1"]
[WhiteElo "1952"]
[BlackElo "2145"]
[Annotator "Barnes,Lara"]
[PlyCount "46"]
[EventDate "2017.02.11"]
[WhiteTeam "Cheddleton 2"]
[BlackTeam "Gonzaga"]

1. e4 c5 2. Nf3 d6 3. d4 cxd4 4. Nxd4 Nf6 5. Nc3 Nc6 6. f3 e5 7. Nb3 Be7 8. Be3
O-O 9. Be2 a5 10. O-O a4 11. Nd2 a3 12. Nc4 axb2 13. Rb1 Be6 14. a4 Nb4 15.
Rxb2 d5 16. Nxe5 Qc7 17. Qd4 dxe4 18. Nb5 Qb8 19. f4 Rd8 20. Qc3 Nbd5 21. Qb3
Nxf4 22. Bxf4 Bxb3 23. Nc6 Bc5+ 0-1

[Event "4NCL Division 3 North"]
[Site "Bolton, ENG"]
[Date "2017.02.11"]
[Round "5.26"]
[White "Freeman, Gordon"]
[Black "Armstrong, William G"]
[Result "1-0"]
[WhiteElo "2128"]
[BlackElo "1837"]
[PlyCount "49"]
[EventDate "2017.02.11"]
[WhiteTeam "Gonzaga"]
[BlackTeam "Cheddleton 2"]

1. d4 Nf6 2. Nf3 b6 3. g3 Bb7 4. Bg2 e6 5. O-O d5 6. c4 Nbd7 7. cxd5 exd5 8.
Nc3 Be7 9. Bf4 c6 10. Rc1 O-O 11. Qa4 a6 12. Rfd1 b5 13. Qc2 b4 14. Na4 Ne4 15.
Ne5 Nxe5 16. dxe5 Qa5 17. Bxe4 dxe4 18. Rd7 g5 19. Rxb7 gxf4 20. Rxe7 fxg3 21.
hxg3 Qd8 22. Qc5 Qd2 23. Qe3 Qxe3 24. fxe3 f5 25. Rxc6 1-0

[Event "4NCL Division 3 North"]
[Site "Bolton, ENG"]
[Date "2017.02.11"]
[Round "5.31"]
[White "Hall, John"]
[Black "Clarke, Stuart W"]
[Result "0-1"]
[WhiteElo "2055"]
[BlackElo "2249"]
[PlyCount "120"]
[EventDate "2017.02.11"]
[WhiteTeam "Spirit of Atticus B"]
[BlackTeam "3Cs 2"]

1. e4 e6 2. d4 d5 3. Nd2 c5 4. c3 cxd4 5. cxd4 Nc6 6. Ngf3 dxe4 7. Nxe4 Nf6 8.
Nc3 Be7 9. Be2 O-O 10. O-O b6 11. Be3 Bb7 12. Rc1 Rc8 13. Bd3 Nb4 14. Bb1 Qd6
15. Ne5 Rfd8 16. a3 Nbd5 17. Qd3 Nxc3 18. Rxc3 Rxc3 19. Qxc3 Rc8 20. Qd2 Qd5
21. f3 Bd6 22. Nd3 Qh5 23. Nf4 Qb5 24. Rd1 Qb3 25. Nd3 Nd5 26. Bf2 Ba6 27. Nc1
Qa4 28. g3 Nf6 29. Nd3 Qb3 30. Be3 Bb7 31. Rf1 Nd5 32. Bf2 Ba6 33. Rd1 Bb7 34.
Rf1 h6 35. Rc1 Rxc1+ 36. Qxc1 Ba6 37. Qc2 Qxc2 38. Bxc2 Kf8 39. Ne5 Be2 40. Bd3
Bxd3 41. Nxd3 f6 42. Kf1 Ke7 43. Ke2 Kd7 44. Be1 Kc6 45. Nf2 f5 46. Nd3 Kb5 47.
Nc1 Kc4 48. Bf2 a5 49. Kd2 a4 50. Kc2 Be7 51. Nd3 Bf6 52. Ne5+ Bxe5 53. dxe5 g5
54. h4 gxh4 55. gxh4 h5 56. Bg1 b5 57. Bf2 Nf4 58. Be1 Ng6 59. Bg3 f4 60. Bh2
Nxh4 0-1

[Event "4NCL Division 3 North"]
[Site "Bolton, ENG"]
[Date "2017.02.11"]
[Round "5.32"]
[White "Siddall, Phil L"]
[Black "Connor, Stephen J"]
[Result "0-1"]
[WhiteElo "2155"]
[BlackElo "1996"]
[Annotator "Barnes,Lara"]
[PlyCount "82"]
[EventDate "2017.02.11"]
[WhiteTeam "3Cs 2"]
[BlackTeam "Spirit of Atticus B"]

1. d4 d5 2. Nf3 Nf6 3. c4 c6 4. Nc3 e6 5. g3 Bd6 6. Bg2 Nbd7 7. O-O O-O 8. b3
Re8 9. Bb2 b6 10. Re1 Bb7 11. Qc2 Qe7 12. e4 Nxe4 13. Nxe4 dxe4 14. Rxe4 Nf6
15. Rh4 h6 16. Re1 Rac8 17. c5 Bb8 18. Bc1 Ba6 19. g4 Nd5 20. g5 Nb4 21. Qd2
Nd3 22. gxh6 Nxe1 23. Qxe1 g6 24. Qe4 Kh7 25. Qc2 bxc5 26. Ng5+ Kh8 27. dxc5
Red8 28. Be4 f6 29. Bb2 e5 30. Nf3 f5 31. h7 fxe4 32. Qxe4 Rd5 33. Qxg6 Qg7 34.
Qxg7+ Kxg7 35. Ng5 Rh8 36. Rb4 Kg6 37. h4 Bc7 38. Ra4 Rd1+ 39. Kg2 Bf1+ 40. Kf3
Kf5 41. Kg3 e4+ 0-1

[Event "4NCL Division 3 North"]
[Site "Bolton, ENG"]
[Date "2017.02.11"]
[Round "5.33"]
[White "Johnson, Michael D"]
[Black "Adams, Philip"]
[Result "1/2-1/2"]
[WhiteElo "1975"]
[BlackElo "2057"]
[PlyCount "81"]
[EventDate "2017.02.11"]
[WhiteTeam "Spirit of Atticus B"]
[BlackTeam "3Cs 2"]

1. Nf3 c5 2. g3 g6 3. Bg2 Bg7 4. d4 cxd4 5. Nxd4 Nc6 6. Nxc6 bxc6 7. O-O Rb8 8.
c3 Nf6 9. e4 O-O 10. b3 d6 11. Bb2 Ba6 12. Re1 Nd7 13. Bf1 Bxf1 14. Kxf1 Qc8
15. Qe2 a5 16. c4 Bxb2 17. Qxb2 Ne5 18. Qe2 Qh3+ 19. Kg1 g5 20. Nd2 g4 21. f4
gxf3 22. Nxf3 Qh5 23. Nxe5 Qxe5 24. Rad1 Kh8 25. Rd3 a4 26. Rf3 axb3 27. axb3
f6 28. Qe3 c5 29. Rd1 Rg8 30. Rd5 Qa1+ 31. Kg2 Qb2+ 32. Rd2 Qb1 33. Rd3 Qb2+
34. Rf2 Qe5 35. Rd5 Qe6 36. Rdf5 Rg4 37. R2f4 Rxf4 38. Rxf4 Qe5 39. Kh3 Qe6+
40. Kg2 Qe5 41. Rf3 1/2-1/2

[Event "4NCL Division 3 North"]
[Site "Bolton, ENG"]
[Date "2017.02.11"]
[Round "5.34"]
[White "McLean, Robert"]
[Black "Buckley, Colm"]
[Result "1/2-1/2"]
[WhiteElo "1967"]
[BlackElo "1919"]
[PlyCount "116"]
[EventDate "2017.02.11"]
[WhiteTeam "3Cs 2"]
[BlackTeam "Spirit of Atticus B"]

1. e4 e6 2. d4 d5 3. Nc3 Nf6 4. Bg5 Be7 5. e5 Nfd7 6. h4 a6 7. Qg4 Bxg5 8. hxg5
Qe7 9. Bd3 Nf8 10. Nxd5 Qd8 11. Nc3 Nc6 12. Nf3 Ne7 13. Ne4 b6 14. Ng3 Bb7 15.
Nh5 Rg8 16. Nf4 Neg6 17. O-O-O Qe7 18. Kb1 O-O-O 19. Nxg6 hxg6 20. Be4 Nd7 21.
Bxb7+ Kxb7 22. Qe4+ c6 23. c4 Rc8 24. Qf4 f6 25. gxf6 gxf6 26. exf6 Qxf6 27.
Qxf6 Nxf6 28. Ng5 b5 29. cxb5 axb5 30. Nxe6 Ng4 31. Nc5+ Kb6 32. Rh7 Nxf2 33.
b4 Rc7 34. Rxc7 Kxc7 35. Rf1 Ng4 36. Rf7+ Kc8 37. Ne6 Ne3 38. Rc7+ Kb8 39. Rxc6
Kb7 40. Rc5 Nxg2 41. Rxb5+ Kc6 42. Rg5 Nh4 43. Nf4 Nf3 44. Rxg6+ Rxg6 45. Nxg6
Nxd4 46. Kb2 Kb5 47. a3 Ka4 48. Ne5 Nb5 49. Nc6 Nxa3 50. Kc3 Kb5 51. Nd4+ Kb6
52. Kb3 Nb1 53. Nf3 Kc6 54. Nd4+ Kb6 55. Kc4 Na3+ 56. Kd5 Nb5 57. Ne6 Nc3+ 58.
Kd4 Nd5 1/2-1/2

[Event "4NCL Division 3 North"]
[Site "Bolton, ENG"]
[Date "2017.02.11"]
[Round "5.36"]
[White "Tebelev, Michael"]
[Black "Mort, Andrew J"]
[Result "1-0"]
[WhiteElo "1900"]
[BlackElo "1885"]
[PlyCount "65"]
[EventDate "2017.02.11"]
[WhiteTeam "3Cs 2"]
[BlackTeam "Spirit of Atticus B"]

1. d4 Nf6 2. c4 c5 3. d5 e5 4. Nc3 d6 5. e4 Be7 6. g3 O-O 7. Bg2 a6 8. Nge2
Nbd7 9. O-O Ne8 10. Kh1 Rb8 11. a4 b6 12. f4 Nc7 13. Qd3 Bf6 14. Be3 Qe7 15.
Rf3 Rb7 16. f5 Nb8 17. g4 Bg5 18. Raf1 Bd7 19. Qd2 Bxe3 20. Qxe3 f6 21. h4 b5
22. g5 bxc4 23. Ng3 Be8 24. R1f2 a5 25. Bf1 Rb4 26. Bh3 Nba6 27. Bg4 Rb3 28.
Nh5 Nb4 29. gxf6 gxf6 30. Rg3 Kh8 31. Qh6 Nd3 32. Rfg2 Rxb2 33. Be2 1-0

[Event "4NCL Division 3 North"]
[Site "Bolton, ENG"]
[Date "2017.02.11"]
[Round "5.41"]
[White "Gheorghiu, Calin"]
[Black "O'Gorman, Tom"]
[Result "1-0"]
[WhiteElo "2312"]
[BlackElo "2041"]
[Annotator "Barnes,Lara"]
[PlyCount "77"]
[EventDate "2017.02.11"]
[WhiteTeam "Hounds and Bears"]
[BlackTeam "Enniscorthy"]

1. e4 c5 2. Nf3 d6 3. d4 cxd4 4. Nxd4 Nf6 5. Nc3 a6 6. Be3 e5 7. Nb3 Be7 8. f3
Be6 9. Qd2 O-O 10. O-O-O a5 11. Kb1 a4 12. Nc1 Ra5 13. g4 d5 14. g5 d4 15. gxf6
Bxf6 16. Qe1 Nd7 17. Nd5 dxe3 18. Nxf6+ gxf6 19. Bh3 Ra8 20. Qh4 Kh8 21. Rhg1
f5 22. Qh5 Qf6 23. exf5 a3 24. fxe6 e4 25. bxa3 Nb6 26. Bf5 h6 27. Rg6 fxg6 28.
Qxh6+ Kg8 29. Bxg6 Qg7 30. Bf7+ Rxf7 31. exf7+ Kxf7 32. Qxb6 Kg8 33. Qxe3 Qf6
34. fxe4 Ra5 35. Qb3+ Kh7 36. Qh3+ Kg7 37. Rg1+ Rg5 38. Rxg5+ Qxg5 39. Qg3 1-0

[Event "4NCL Division 3 North"]
[Site "Bolton, ENG"]
[Date "2017.02.11"]
[Round "5.42"]
[White "Plaza Reino, Agustin"]
[Black "Carpenter, Raymond"]
[Result "0-1"]
[WhiteElo "1879"]
[BlackElo "1975"]
[PlyCount "102"]
[EventDate "2017.02.11"]
[WhiteTeam "Enniscorthy"]
[BlackTeam "Hounds and Bears"]

1. e4 c5 2. Nf3 d6 3. d4 cxd4 4. Nxd4 Nf6 5. Nc3 a6 6. Be3 e5 7. Nb3 Be7 8. f3
Be6 9. Qd2 Nbd7 10. Be2 Qc7 11. O-O O-O 12. Nd5 Nxd5 13. exd5 Bf5 14. c4 b6 15.
a4 a5 16. Nc1 Nc5 17. b4 axb4 18. Qxb4 Bd7 19. Bd1 Ra6 20. Ne2 Rc8 21. Bxc5
bxc5 22. Qd2 Rb8 23. Nc3 Qa5 24. Qd3 Bf5 25. Ne4 Bg6 26. Bc2 Rab6 27. Ra3 Rb4
28. Rb3 Rxb3 29. Bxb3 Rb4 30. Qe3 f5 31. Nd2 Qb6 32. g3 Bf6 33. Kh1 h6 34. h4
f4 35. gxf4 exf4 36. Qxf4 Rxb3 37. Nxb3 Qxb3 38. Rg1 Be5 39. Qg4 Bd3 40. a5
Qxc4 41. Qh5 Qf4 42. Rg2 Be4 43. a6 Qxf3 44. Qxf3 Bxf3 45. a7 Bxd5 46. Kg1 c4
47. Ra2 c3 48. a8=Q+ Bxa8 49. Rxa8+ Kf7 50. Rc8 Kg6 51. Kf2 Kh5 0-1

[Event "4NCL Division 3 North"]
[Site "Bolton, ENG"]
[Date "2017.02.11"]
[Round "5.43"]
[White "McPeake, Felix"]
[Black "O'Gorman, Alice"]
[Result "1-0"]
[WhiteElo "1952"]
[BlackElo "1791"]
[PlyCount "107"]
[EventDate "2017.02.11"]
[WhiteTeam "Hounds and Bears"]
[BlackTeam "Enniscorthy"]

1. f4 d5 2. Nf3 Nf6 3. g3 g6 4. Bg2 Bg7 5. O-O O-O 6. d3 Re8 7. Nc3 c6 8. e4
Qb6+ 9. Kh1 Ng4 10. Qe1 dxe4 11. dxe4 Be6 12. h3 Nf6 13. Be3 Qc7 14. Qf2 Nbd7
15. b3 Qa5 16. Bd2 Qh5 17. Ng5 Bg4 18. Kg1 h6 19. e5 hxg5 20. exf6 Bxf6 21.
hxg4 Qxg4 22. Bf3 Qh3 23. fxg5 Be5 24. Bg2 Qh7 25. Rae1 f6 26. Ne4 Kg7 27. Nc5
Rh8 28. gxf6+ exf6 29. Ne6+ Kg8 30. Qf3 Re8 31. Ng5 fxg5 32. Bh3 Rf8 33. Be6+
Kg7 34. Qf7+ Rxf7 35. Rxf7+ Kh6 36. Rxd7 Bxg3 37. Re3 Qxd7 38. Bxd7 Bh4 39. Re7
Rd8 40. Kg2 Rf8 41. Be3 a6 42. Bg4 b5 43. Bd4 Ra8 44. Bg7+ Kh7 45. Kf3 a5 46.
Ke4 a4 47. Bd7 axb3 48. axb3 Ra2 49. Kd3 Ra6 50. Bc8 Ra8 51. Rc7 Kg8 52. Bf6
Rb8 53. Be6+ Kf8 54. Rh7 1-0

[Event "4NCL Division 3 North"]
[Site "Bolton, ENG"]
[Date "2017.02.11"]
[Round "5.51"]
[White "White, Mark W"]
[Black "Naylor, Michael A"]
[Result "1-0"]
[WhiteElo "2025"]
[BlackElo "1885"]
[PlyCount "81"]
[EventDate "2017.02.11"]
[WhiteTeam "Jorvik"]
[BlackTeam "Ashfield Breadsall 2"]

1. d4 d5 2. Nf3 Nf6 3. g3 g6 4. Bg2 Bg7 5. O-O O-O 6. Bf4 c6 7. Nc3 b6 8. Re1
Bb7 9. a4 a5 10. Ne5 Na6 11. Qd2 Ne8 12. e4 f6 13. Nf3 Nd6 14. exd5 cxd5 15.
Bxd6 Qxd6 16. Nb5 Qd7 17. Qe2 Kf7 18. Bh3 Qxh3 19. Qxe7+ Kg8 20. Qxb7 Nb4 21.
Re7 Bh8 22. c3 Rab8 23. Qd7 Qxd7 24. Rxd7 Nd3 25. b3 Rfd8 26. Rxd8+ Rxd8 27.
Rd1 Ne5 28. dxe5 fxe5 29. Nc7 e4 30. Nd4 Rd7 31. Ndb5 Bxc3 32. Rxd5 Rxd5 33.
Nxd5 Bd2 34. Nf6+ Kf7 35. Nxe4 Bb4 36. Kf1 h6 37. Ke2 Ke6 38. Kd3 Kf5 39. h3 h5
40. Nbd6+ Ke5 41. Nc4+ 1-0

[Event "4NCL Division 3 North"]
[Site "Bolton, ENG"]
[Date "2017.02.11"]
[Round "5.52"]
[White "Somton, Anita"]
[Black "Hodge, Steve R"]
[Result "1-0"]
[WhiteElo "1952"]
[BlackElo "2042"]
[PlyCount "63"]
[EventDate "2017.02.11"]
[WhiteTeam "Ashfield Breadsall 2"]
[BlackTeam "Jorvik"]

1. d4 f5 2. g3 Nf6 3. Bg2 g6 4. Nf3 Bg7 5. O-O O-O 6. c4 d6 7. Nc3 Qe8 8. d5 a5
9. Rb1 Na6 10. b3 Bd7 11. Nd4 c6 12. Bb2 Nc7 13. dxc6 bxc6 14. Na4 e5 15. Nc2
d5 16. Nb6 Rd8 17. cxd5 cxd5 18. Nxd5 Nfxd5 19. Bxd5+ Nxd5 20. Qxd5+ Kh8 21.
Ne3 f4 22. Nc4 Bh3 23. Qxa5 Qc6 24. f3 fxg3 25. hxg3 Rd5 26. Qb6 Qd7 27. Rfe1
h5 28. Qf2 e4 29. Nb6 e3 30. Qxe3 Bxb2 31. Nxd7 Bd4 32. Qxd4+ 1-0

[Event "4NCL Division 3 North"]
[Site "Bolton, ENG"]
[Date "2017.02.11"]
[Round "5.53"]
[White "Cowan, Richard M"]
[Black "Flynn, David"]
[Result "1/2-1/2"]
[WhiteElo "1871"]
[BlackElo "1885"]
[PlyCount "135"]
[EventDate "2017.02.11"]
[WhiteTeam "Jorvik"]
[BlackTeam "Ashfield Breadsall 2"]

1. Nf3 c5 2. g3 g6 3. Bg2 Bg7 4. c4 Nc6 5. Nc3 Nf6 6. O-O O-O 7. d3 b6 8. Ne5
Bb7 9. Nxc6 Bxc6 10. Bxc6 dxc6 11. Qa4 Qd7 12. Rb1 h5 13. h4 a6 14. Kg2 Ng4 15.
Ne4 Be5 16. Qb3 Rfb8 17. Bd2 Kg7 18. Bc3 Bxc3 19. Qxc3+ f6 20. a4 a5 21. Rbd1
e5 22. Rfe1 Re8 23. e3 Rad8 24. f3 Nh6 25. Re2 Nf7 26. Red2 f5 27. Nf2 Kg8 28.
d4 exd4 29. exd4 cxd4 30. Rxd4 Qe7 31. Rxd8 Rxd8 32. Rxd8+ Qxd8 33. Qe3 c5 34.
Nd3 Qf6 35. b3 Nd8 36. Qe8+ Kg7 37. Ne5 Nf7 38. f4 Nd6 39. Qd7+ Nf7 40. Qd5 Qe7
41. Kf3 Qf6 42. Qd7 Kf8 43. Qc8+ Kg7 44. Qe8 Nd6 45. Qc6 Ne4 46. Qd7+ Kg8 47.
Kg2 Kh8 48. Nf7+ Kg8 49. Qe8+ Kh7 50. Ng5+ Nxg5 51. hxg5 Qd6 52. Qf7+ Kh8 53.
Kh3 Qc6 54. Qf8+ Kh7 55. Qf7+ Kh8 56. Kh2 Qd6 57. Kh3 Qc6 58. Qf8+ Kh7 59. Qe7+
Kh8 60. Kh2 Kg8 61. Kg1 Kh8 62. Kf2 Kg8 63. Ke3 Kh8 64. Qe5+ Kh7 65. Qd5 Qe8+
66. Kd3 Qh8 67. Kc2 Qe8 68. Kd3 1/2-1/2